[Event "Stuttgarter Stadtmeisterschaft 2010 A"]
[Site "Ditzingen"]
[Date "2010.05.15"]
[Round "6.38"]
[White "Kvetny, Mark"]
[Black "Häcker, Sonja"]
[Result "1-0"]
[WhiteElo "1916"]
[BlackElo "2064"]
[PlyCount "89"]
[EventDate "2010.??.??"]
[WhiteTeam "SV Altbach e.V."]
[BlackTeam "SV Stuttgart-Wolfbusch 1956 e.V."]

1. d4 d5 2. c4 e6 3. Nc3 Nf6 4. cxd5 exd5 5. Bg5 c6 6. Qc2 Be7 7. e3 O-O 8. Bd3
Nbd7 9. Nge2 Re8 10. O-O Nf8 11. Rad1 g6 12. f3 Ne6 13. Bh4 b6 14. Kh1 Bb7 15.
e4 a6 16. e5 Nh5 17. Bxe7 Qxe7 18. f4 c5 19. f5 Nxd4 20. Nxd4 cxd4 21. e6 g5
22. Ne2 Qc5 23. Qd2 h6 24. Rc1 Qd6 25. Nxd4 Nf4 26. g3 Nxd3 27. Qxd3 f6 28. Kg1
Re7 29. Qa3 Rd8 30. Qxd6 Rxd6 31. Rf3 Rd8 32. Rfc3 Rde8 33. Rb3 b5 34. Rbc3 Kf8
35. b4 h5 36. h3 Kg7 37. Kf2 Ra8 38. Rc7 Rae8 39. Ke3 Kf8 40. Nb3 Kg7 41. Kd4
Kf8 42. Na5 Ba8 43. Rxe7 Kxe7 44. Rc7+ Kd8 45. Ra7 1-0

[Event "Stuttgarter Stadtmeisterschaft 2010 A"]
[Site "Ditzingen"]
[Date "2010.05.15"]
[Round "6.44"]
[White "Pietzka, Martin"]
[Black "Janata, Andreas"]
[Result "0-1"]
[WhiteElo "1860"]
[BlackElo "2002"]
[PlyCount "84"]
[EventDate "2010.??.??"]
[WhiteTeam "SV Nürtingen 1920"]
[BlackTeam "Sabt SpVgg Rommelshausen"]

1. e4 e6 2. d4 d5 3. Nd2 c5 4. c3 cxd4 5. cxd4 dxe4 6. Nxe4 Nc6 7. Nf3 Be7 8.
a3 Nf6 9. Nc3 O-O 10. Be2 a6 11. O-O b5 12. Be3 Bb7 13. Rc1 Nd5 14. Nxd5 Qxd5
15. Bd3 Rac8 16. Qd2 Rfd8 17. Rfd1 g6 18. Bf1 Bf6 19. Rc5 Qd7 20. Kh1 Ne7 21.
Ne5 Qd6 22. Rxc8 Rxc8 23. Ng4 Bg7 24. Bf4 Qc6 25. f3 Qc2 26. Be5 Nf5 27. Bxg7
Kxg7 28. Qxc2 Rxc2 29. Bd3 Rxb2 30. Bxf5 gxf5 31. Ne5 Ra2 32. h4 f6 33. Nd7
Rxa3 34. Rc1 Bd5 35. Rc7 b4 36. Ne5+ Kf8 37. Nd7+ Ke7 38. Ra7 b3 39. Nc5+ Kd6
40. Rd7+ Kc6 41. Rb7 e5 42. Rxh7 b2 0-1

[Event "Stuttgarter Stadtmeisterschaft 2010 A"]
[Site "Ditzingen"]
[Date "2010.05.15"]
[Round "6.37"]
[White "Tominski, Norbert"]
[Black "Seyfried, Claus"]
[Result "1/2-1/2"]
[WhiteElo "1921"]
[BlackElo "2087"]
[PlyCount "51"]
[EventDate "2010.??.??"]
[WhiteTeam "VfR-SC Koblenz"]
[BlackTeam "Stuttgarter SF 1879"]

1. d4 Nf6 2. Nf3 c5 3. e3 d5 4. c4 e6 5. Nc3 Nc6 6. Bd3 dxc4 7. Bxc4 Be7 8. O-O
O-O 9. dxc5 Bxc5 10. Qe2 a6 11. Rd1 Qc7 12. a3 b5 13. Bd3 b4 14. Ne4 Be7 15.
Qc2 h6 16. Bd2 Qb6 17. Nxf6+ Bxf6 18. Bh7+ Kh8 19. Be4 Bb7 20. Bxc6 b3 21. Qc4
Bxc6 22. Nd4 Rfc8 23. Qb4 Qxb4 24. Bxb4 Bd5 25. Bc3 Rab8 26. Rac1 1/2-1/2

[Event "Stuttgarter Stadtmeisterschaft 2010 A"]
[Site "Ditzingen"]
[Date "2010.05.15"]
[Round "6.2"]
[White "Dobosz, Henryk"]
[Black "Gutman, Lev"]
[Result "1/2-1/2"]
[WhiteElo "2375"]
[BlackElo "2454"]
[PlyCount "74"]
[EventDate "2010.??.??"]

1. d4 Nf6 2. c4 g6 3. Nc3 Bg7 4. e4 O-O 5. Nf3 d6 6. h3 c5 7. d5 a6 8. a4 e6 9.
Bd3 a5 10. O-O Na6 11. Ra3 Nb4 12. Bb1 exd5 13. exd5 b6 14. Bg5 Ba6 15. Nb5
Bxb5 16. axb5 Re8 17. Re1 Rxe1+ 18. Qxe1 Qf8 19. Qd2 Nd7 20. g4 f6 21. Be3 Re8
22. Kg2 Re7 23. Rc3 Ne5 24. Nxe5 dxe5 25. Qe2 f5 26. gxf5 gxf5 27. Qh5 Rf7 28.
Bd2 e4 29. Rg3 Kh8 30. Bc3 Bd4 31. Kh1 Rf6 32. Kg2 Rh6 33. Qg5 Rf6 34. Qf4 Qd6
35. Qg5 Qf8 36. Qf4 Qd6 37. Qg5 Qf8 1/2-1/2

[Event "Stuttgarter Stadtmeisterschaft 2010 A"]
[Site "Ditzingen"]
[Date "2010.05.15"]
[Round "6.3"]
[White "Solodovnichenko, Yuri"]
[Black "Gheng, Josef"]
[Result "1-0"]
[WhiteElo "2578"]
[BlackElo "2321"]
[PlyCount "117"]
[EventDate "2010.??.??"]

1. e4 e5 2. Nf3 d6 3. d4 exd4 4. Nxd4 Nf6 5. Nc3 Be7 6. Bf4 O-O 7. Qd2 Nc6 8.
O-O-O Nxd4 9. Qxd4 Be6 10. Kb1 Nd7 11. Nd5 Bxd5 12. Qxd5 Bf6 13. Bc1 Nc5 14. f3
a6 15. g4 Re8 16. Bc4 b5 17. Qxf7+ Kh8 18. Bd5 Rb8 19. g5 Bxg5 20. Bxg5 Qxg5
21. Qxc7 Qf6 22. Qf7 Qh6 23. Rhg1 Rf8 24. Qa7 Rbc8 25. Rg3 Rce8 26. Rdg1 g6 27.
h3 Re5 28. Qc7 Rf6 29. Qd8+ Qf8 30. Qxf8+ Rxf8 31. Rd1 b4 32. Bc4 Rf6 33. c3 a5
34. cxb4 axb4 35. Rd4 Re8 36. Be2 Rb8 37. Rg1 Rb6 38. Rgd1 Kg7 39. Rd5 Nd7 40.
f4 Rxf4 41. Rxd6 Rxd6 42. Rxd6 Nc5 43. e5 Re4 44. Rd5 Ne6 45. Bf3 Re3 46. Bg4
Nf4 47. Rd7+ Kh6 48. Rd4 b3 49. axb3 Nd3 50. e6 Nc5 51. Rd6 Ne4 52. Rc6 Nf6 53.
b4 Kg5 54. b5 Nxg4 55. hxg4 Kf6 56. b6 h5 57. gxh5 gxh5 58. Rc3 Re5 59. Rb3 1-0

[Event "Stuttgarter Stadtmeisterschaft 2010 A"]
[Site "Ditzingen"]
[Date "2010.05.15"]
[Round "6.5"]
[White "Latzke, Boris Alexander"]
[Black "Kabisch, Thilo"]
[Result "0-1"]
[WhiteElo "2264"]
[BlackElo "2311"]
[PlyCount "92"]
[EventDate "2010.??.??"]

1. d4 Nf6 2. c4 g6 3. Nc3 Bg7 4. e4 d6 5. f3 O-O 6. Be3 b6 7. Bd3 a6 8. Nge2 c5
9. e5 Nfd7 10. exd6 exd6 11. Be4 Ra7 12. O-O Bb7 13. Qd2 Nc6 14. Rad1 cxd4 15.
Nxd4 Nce5 16. b3 Bxe4 17. Nxe4 Nc5 18. Nf2 Qd7 19. h3 f5 20. f4 Nf7 21. Ne2 Re8
22. Nc3 Qc6 23. Nd5 Nd7 24. Rfe1 Raa8 25. Bd4 Bxd4 26. Qxd4 Qc5 27. Qd2 b5 28.
Kh2 bxc4 29. bxc4 Qxc4 30. Rc1 Qa4 31. Rc7 Kf8 32. Rec1 Rad8 33. R1c4 Qa3 34.
Nd3 Re6 35. N3b4 Nc5 36. Rc3 Qa4 37. Qd4 a5 38. R3xc5 dxc5 39. Qxc5+ Kg8 40.
Ne7+ Kg7 41. Nbd5 Red6 42. Qc3+ Kf8 43. Rc5 Qe4 44. Qxa5 R6d7 45. Qa3 Rxe7 46.
Nxe7 Qxf4+ 0-1

[Event "Stuttgarter Stadtmeisterschaft 2010 A"]
[Site "Ditzingen"]
[Date "2010.05.15"]
[Round "6.6"]
[White "Schulte, Torsten"]
[Black "Lobzhanidze, Davit"]
[Result "1/2-1/2"]
[WhiteElo "2164"]
[BlackElo "2510"]
[PlyCount "113"]
[EventDate "2010.??.??"]

1. d4 Nf6 2. c4 e6 3. Nc3 Bb4 4. Bg5 h6 5. Bh4 Bxc3+ 6. bxc3 d6 7. e3 Nbd7 8.
Bd3 b6 9. Ne2 Bb7 10. O-O Qe7 11. f3 g5 12. Bf2 Nh5 13. Be4 c6 14. Qa4 O-O 15.
Bxc6 Bxc6 16. Qxc6 Rfc8 17. Qb5 Rc7 18. a4 Rac8 19. a5 Rxc4 20. axb6 Nxb6 21.
g4 Nf6 22. e4 R4c7 23. Ra2 Nc4 24. Rb1 d5 25. Bg3 Rd7 26. Qa6 Re8 27. h3 Nb6
28. Qd3 Nc4 29. Ra6 Rb7 30. Rba1 Rc8 31. e5 Nh7 32. f4 gxf4 33. Nxf4 Nb6 34.
Nh5 Rbc7 35. Nf6+ Nxf6 36. exf6 Qxf6 37. Bxc7 Rxc7 38. Rxa7 Rxa7 39. Rxa7 Nc4
40. Ra1 Nd6 41. Rf1 Qg5 42. Qf3 Kg7 43. Qf4 Qxf4 44. Rxf4 Kg6 45. Kg2 Nc4 46.
Rf2 Nd6 47. Rc2 Nc4 48. Kg3 Nd6 49. Kf4 Nc4 50. Ra2 Kf6 51. Ra6 Kg6 52. h4 Kf6
53. Rc6 Nd2 54. Rc8 Kg6 55. Rc7 Kf6 56. Rc8 Kg7 57. Rc7 1/2-1/2

[Event "Stuttgarter Stadtmeisterschaft 2010 A"]
[Site "Ditzingen"]
[Date "2010.05.15"]
[Round "6.9"]
[White "Aring, Gerd"]
[Black "Donchenko, Anatoly"]
[Result "1/2-1/2"]
[WhiteElo "2190"]
[BlackElo "2395"]
[PlyCount "139"]
[EventDate "2010.??.??"]

1. d4 d5 2. c4 dxc4 3. Nf3 a6 4. a4 Nf6 5. e3 e6 6. Bxc4 c5 7. O-O Nc6 8. Qe2
Qc7 9. Nc3 Bd6 10. Rd1 O-O 11. dxc5 Bxc5 12. Bd2 b6 13. Rac1 Bb7 14. Na2 a5 15.
Nc3 Rad8 16. Nb5 Qe7 17. e4 Ng4 18. Be1 Nge5 19. Nxe5 Nxe5 20. Bb3 h6 21. Bc3
Qg5 22. Be1 Nd3 23. Rb1 Nxe1 24. Qxe1 Qe5 25. Nc3 Rd4 26. Bc2 Rfd8 27. Rxd4
Bxd4 28. Rc1 g5 29. Kh1 Rc8 30. Bd3 Kg7 31. f3 Qf4 32. Rc2 Qe3 33. Qxe3 Bxe3
34. g3 Rd8 35. Bb5 Kf6 36. Kg2 Ke5 37. Kf1 Rd2 38. Rxd2 Bxd2 39. Ke2 Bxc3 40.
bxc3 g4 41. fxg4 Bxe4 42. Ke3 f6 43. h4 Bc2 44. g5 hxg5 45. hxg5 fxg5 46. Kf3
Bf5 47. Ke3 Kd6 48. Bc4 Bc2 49. Bb5 Kd5 50. Kf3 Bd1+ 51. Ke3 Ke5 52. Be8 Bb3
53. Bb5 Kf5 54. Bd7 Bd5 55. Bb5 Kg4 56. Kf2 Kh3 57. Bf1+ Kh2 58. Bb5 e5 59. Bd7
Bb7 60. Bb5 Bg2 61. Bd7 e4 62. Bb5 g4 63. Bd7 Bf3 64. Bb5 e3+ 65. Kxe3 Kxg3 66.
Bd7 Bd1 67. c4 Kh2 68. Bxg4 Bxa4 69. Kd4 Bc6 70. Bd1 1/2-1/2

[Event "Stuttgarter Stadtmeisterschaft 2010 A"]
[Site "Ditzingen"]
[Date "2010.05.15"]
[Round "6.10"]
[White "Vuckovic, Aleksandar"]
[Black "Sarchisov, Slavik"]
[Result "1/2-1/2"]
[WhiteElo "2317"]
[BlackElo "2102"]
[PlyCount "116"]
[EventDate "2010.??.??"]

1. e4 c5 2. Nf3 d6 3. d4 cxd4 4. Nxd4 Nf6 5. Nc3 a6 6. Be2 e5 7. Nb3 Be7 8. Be3
Be6 9. Nd5 Nxd5 10. exd5 Bf5 11. Qd2 Nd7 12. c4 b6 13. O-O Bg6 14. f4 exf4 15.
Bxf4 Ne5 16. Nd4 Rc8 17. Rac1 O-O 18. b4 Bf6 19. h3 h6 20. Rfd1 Re8 21. Nc6
Nxc6 22. dxc6 Rxc6 23. Bf3 Be4 24. Bxe4 Rxe4 25. Qd5 Qe8 26. Bxd6 Bg5 27. Rc2
Re1+ 28. Kh2 Rxd1 29. Qxd1 Qd7 30. c5 bxc5 31. bxc5 Bf4+ 32. Kh1 Bxd6 33. Rd2
Rxc5 34. Rxd6 Qc7 35. Rd8+ Kh7 36. Rd7 Qf4 37. Qb1+ Qf5 38. Qd1 Rc1 39. Qxc1
Qxd7 40. Qc2+ g6 41. Qc3 Qb5 42. a3 a5 43. Qc7 Qd5 44. a4 g5 45. Qc2+ Kg7 46.
Qc3+ f6 47. Qc2 Kf7 48. Qh7+ Ke6 49. Qg8+ Ke5 50. Qb8+ Kd4 51. Qb2+ Kc4 52.
Qxf6 Kb4 53. Qxh6 Kxa4 54. h4 gxh4 55. Qxh4+ Kb3 56. Qg3+ Kb2 57. Qf2+ Kc3 58.
Qe3+ Kc2 1/2-1/2

[Event "Stuttgarter Stadtmeisterschaft 2010 A"]
[Site "Ditzingen"]
[Date "2010.05.15"]
[Round "6.11"]
[White "Holzhäuer, Mathias"]
[Black "Ydo, Pim"]
[Result "1/2-1/2"]
[WhiteElo "2284"]
[BlackElo "2111"]
[PlyCount "60"]
[EventDate "2010.??.??"]

1. e4 c6 2. d4 d5 3. exd5 cxd5 4. c4 Nf6 5. Nc3 Nc6 6. Nf3 Bg4 7. cxd5 Nxd5 8.
Qb3 Bxf3 9. gxf3 e6 10. Qxb7 Nxd4 11. Bb5+ Nxb5 12. Qc6+ Ke7 13. Qxb5 Qd7 14.
Qxd7+ Kxd7 15. Bg5 f6 16. Nxd5 exd5 17. Be3 Ke6 18. O-O-O Rc8+ 19. Kb1 Bc5 20.
Rhe1 Kd6 21. Bf4+ Kc6 22. Re6+ Kd7 23. Re2 g5 24. Bc1 d4 25. Be3 Rhd8 26. Bxd4
Kc6 27. Red2 Rxd4 28. Rxd4 Bxd4 29. Rxd4 Re8 30. f4 Re1+ 1/2-1/2

[Event "Stuttgarter Stadtmeisterschaft 2010 A"]
[Site "Ditzingen"]
[Date "2010.05.16"]
[Round "7.43"]
[White "Probst, Alexander"]
[Black "Töws, Manuel"]
[Result "1-0"]
[WhiteElo "2024"]
[BlackElo "1910"]
[PlyCount "71"]
[EventDate "2010.??.??"]
[WhiteTeam "SC Blau.Turm Bad Wimpfen"]
[BlackTeam "BG Buchen"]

1. Nf3 Nf6 2. c4 e6 3. g3 b6 4. Bg2 Bb7 5. O-O c5 6. Nc3 Be7 7. e3 O-O 8. b3 d5
9. cxd5 Nxd5 10. Bb2 Nd7 11. Nxd5 exd5 12. d4 Nf6 13. Ne5 Rc8 14. Rc1 Qd6 15.
Qe2 Rfd8 16. Rfd1 Qe6 17. Qf1 Rc7 18. Bh3 Qd6 19. Bf5 g6 20. Bh3 Bc8 21. f3
Bxh3 22. Qxh3 Nd7 23. Nxf7 Kxf7 24. Qxh7+ Ke8 25. dxc5 bxc5 26. Rc4 Nf8 27. Qh8
Bg5 28. Re4+ dxe4 29. Rxd6 Bxe3+ 30. Kf1 Rxd6 31. Qe5+ Kd7 32. Qg7+ Kc6 33.
Qxf8 Bg5 34. Be5 Rd1+ 35. Kg2 exf3+ 36. Qxf3+ 1-0

[Event "Stuttgarter Stadtmeisterschaft 2010 A"]
[Site "Ditzingen"]
[Date "2010.05.16"]
[Round "7.29"]
[White "Bissbort, Julian"]
[Black "Bärner, Helmut"]
[Result "0-1"]
[WhiteElo "2027"]
[BlackElo "2126"]
[PlyCount "128"]
[EventDate "2010.??.??"]
[WhiteTeam "Heilbronner SV"]
[BlackTeam "SC Tamm 74"]

1. e4 d5 2. exd5 Qxd5 3. Nf3 Bg4 4. Be2 Nf6 5. d4 e6 6. h3 Bh5 7. O-O c6 8. c4
Qd6 9. Qb3 Qb4 10. Qd3 Bg6 11. Qe3 Nbd7 12. a3 Qb6 13. Nc3 Be7 14. b4 O-O 15.
Bb2 Rfe8 16. Rfd1 Qc7 17. Rac1 Bd6 18. g3 Bxg3 19. fxg3 Qxg3+ 20. Kf1 Qxh3+ 21.
Ke1 e5 22. Qf2 e4 23. Ng1 Qh1 24. Qe3 Qg2 25. Rd2 Bf5 26. Bf1 Qg6 27. Rg2 Ng4
28. Qf4 h5 29. Nce2 h4 30. Nh3 e3 31. Qc7 Qh6 32. Qf4 Qh5 33. Qc7 Nge5 34. dxe5
Bxh3 35. Rxg7+ Kxg7 36. e6+ Kh6 37. Qf4+ Qg5 38. Qxg5+ Kxg5 39. exf7 Rf8 40.
Bxh3 Rxf7 41. Bd4 Re8 42. Rc3 Rfe7 43. Bxa7 Nf6 44. Bc5 Re4 45. Bg2 R4e5 46.
Ng1 Kg4 47. Bf3+ Kf5 48. Ke2 Ne4 49. Bxe4+ Rxe4 50. Bxe3 Kg4 51. Nf3 Kg3 52.
Nxh4 Kxh4 53. Kf3 Kh5 54. Bc5 Kg6 55. Rd3 Rxc4 56. Rd7 Rc3+ 57. Kf4 Rxa3 58.
Rxb7 Rb3 59. Rd7 Re6 60. Rc7 Rb1 61. Rc8 Rf1+ 62. Kg4 Kg7 63. Rc7+ Kh6 64. Rc8
Rg6+ 0-1

[Event "Stuttgarter Stadtmeisterschaft 2010 A"]
[Site "Ditzingen"]
[Date "2010.05.16"]
[Round "7.17"]
[White "Geshnizjani, Ramin Tobias"]
[Black "Migl, Dieter"]
[Result "1/2-1/2"]
[WhiteElo "2077"]
[BlackElo "2183"]
[PlyCount "58"]
[EventDate "2010.??.??"]
[WhiteTeam "Heilbronner SV"]
[BlackTeam "Stuttgarter SF 1879"]

1. e4 Nf6 2. e5 Nd5 3. d4 d6 4. c4 Nb6 5. exd6 cxd6 6. Be3 g6 7. Nc3 Bg7 8. Be2
O-O 9. Nf3 Bg4 10. b3 Nc6 11. O-O d5 12. c5 Nc8 13. Rc1 e6 14. Ne1 Bxe2 15.
Nxe2 N8e7 16. f4 b6 17. Nf3 bxc5 18. Rxc5 Rc8 19. Qd2 Nf5 20. Rfc1 Qe7 21. g4
Nd6 22. Ng3 Ne4 23. Nxe4 dxe4 24. Ne5 Bxe5 25. dxe5 Qb7 26. Qd6 Ne7 27. Rc7 Qb5
28. Qxe7 Qe2 29. Rxc8 Qxe3+ 1/2-1/2

[Event "Stuttgarter Stadtmeisterschaft 2010 A"]
[Site "Ditzingen"]
[Date "2010.05.16"]
[Round "7.32"]
[White "Wagner, Dennis"]
[Black "Schuster, Gerhard"]
[Result "1-0"]
[WhiteElo "2112"]
[BlackElo "1996"]
[PlyCount "64"]
[EventDate "2010.??.??"]
[WhiteTeam "Kasseler SK 1876"]
[BlackTeam "SC Feuerbach e. V."]

1. e4 c6 2. d4 d5 3. Nc3 dxe4 4. Nxe4 Nd7 5. Ng5 Ngf6 6. Bd3 e6 7. N1f3 Bd6 8.
Qe2 h6 9. Ne4 Nxe4 10. Qxe4 Qc7 11. Qg4 Kf8 12. Qh4 c5 13. O-O c4 14. Be2 b6
15. Bxc4 Bb7 16. Bd3 g6 17. c4 Kg7 18. b3 Rhg8 19. Bb2 Kf8 20. d5 e5 21. Rae1
Bc8 22. Bb1 g5 23. Qe4 Nc5 24. Qe3 f6 25. Nd4 e4 26. Bxe4 Bxh2+ 27. Kh1 Bf4 28.
Qe2 Qf7 29. Bf5 g4 30. g3 Bxg3 31. fxg3 Kg7 32. Qe7 Bxf5 1-0

[Event "Stuttgarter Stadtmeisterschaft 2010 A"]
[Site "Ditzingen"]
[Date "2010.05.16"]
[Round "7.58"]
[White "Paschmann, Stefan"]
[Black "Naundorf, Jo-Jan"]
[Result "1-0"]
[WhiteElo "1913"]
[BlackElo "1809"]
[PlyCount "51"]
[EventDate "2010.??.??"]
[WhiteTeam "Krefelder Schachklub Turm 1851 e"]
[BlackTeam "SF Oeffingen e.V."]

1. d4 f5 2. Bg5 Nf6 3. Bxf6 exf6 4. e3 d5 5. Bd3 c5 6. Bb5+ Nc6 7. Qf3 a6 8.
Bd3 cxd4 9. exd4 Qb6 10. Nh3 Qxb2 11. O-O Qxd4 12. Nd2 Ne5 13. Qe2 Bd6 14. Nb3
Qg4 15. f3 Qh5 16. Nf4 Qh6 17. Nxd5 O-O 18. g3 g5 19. Nb6 f4 20. Nxa8 fxg3 21.
hxg3 Bh3 22. Qh2 Bb8 23. Bf5 g4 24. f4 Ba7+ 25. Kh1 Bg1 26. Kxg1 1-0

[Event "Stuttgarter Stadtmeisterschaft 2010 A"]
[Site "Ditzingen"]
[Date "2010.05.16"]
[Round "7.51"]
[White "Schömbs, Oliver"]
[Black "Bergner, Philipp"]
[Result "1/2-1/2"]
[WhiteElo "1952"]
[BlackElo "1884"]
[PlyCount "78"]
[EventDate "2010.??.??"]
[WhiteTeam "SC Ingersheim e.V."]
[BlackTeam "Mönchfelder SV 1967"]

1. d4 Nf6 2. c4 g6 3. Nc3 Bg7 4. e4 d6 5. f3 O-O 6. Be3 c5 7. dxc5 dxc5 8. Qxd8
Rxd8 9. Bxc5 Nc6 10. Ba3 a5 11. Nd5 Nxd5 12. cxd5 Nb4 13. Rd1 e6 14. Bc4 b5 15.
Bxb5 exd5 16. Ne2 Nc2+ 17. Kf2 Nxa3 18. bxa3 Bb7 19. exd5 Bxd5 20. Rd2 Be6 21.
Rhd1 Bf6 22. Nf4 Rxd2+ 23. Rxd2 Bg5 24. Kg3 Bf5 25. a4 Rd8 26. Rxd8+ Bxd8 27.
Nd5 Be6 28. Bc4 Bxd5 29. Bxd5 Bc7+ 30. Kf2 Bd6 31. h3 Kg7 32. Ke3 Bb4 33. Kd4
g5 34. Ke5 f6+ 35. Kf5 h6 36. f4 Bd2 37. g3 Be1 38. fxg5 fxg5 39. g4 Bf2
1/2-1/2

[Event "Stuttgarter Stadtmeisterschaft 2010 A"]
[Site "Ditzingen"]
[Date "2010.05.16"]
[Round "7.14"]
[White "Sarchisov, Slavik"]
[Black "Aring, Gerd"]
[Result "1/2-1/2"]
[WhiteElo "2102"]
[BlackElo "2190"]
[PlyCount "68"]
[EventDate "2010.??.??"]
[WhiteTeam "OSG Baden-Baden"]
[BlackTeam "SV Nürtingen 1920"]

1. e4 c5 2. Nf3 Nc6 3. d4 cxd4 4. Nxd4 Nf6 5. Nc3 e5 6. Ndb5 d6 7. Bg5 a6 8.
Na3 b5 9. Bxf6 gxf6 10. Nd5 Bg7 11. Bd3 Ne7 12. Nxe7 Qxe7 13. O-O f5 14. exf5
d5 15. c3 O-O 16. Nc2 Bb7 17. Qh5 e4 18. Rfe1 Rad8 19. a3 Rd6 20. Bf1 Rh6 21.
Qd1 Be5 22. g3 Bc7 23. Ne3 Rd6 24. Qb3 Bc6 25. Rad1 Rfd8 26. Rd2 h5 27. h4 Kh7
28. Red1 Qe5 29. Bh3 Bb6 30. Kh2 Rg8 31. Rg1 Rg7 32. Qd1 Kh6 33. Qc1 Kh7 34.
Qd1 Kh6 1/2-1/2

[Event "Stuttgarter Stadtmeisterschaft 2010 A"]
[Site "Ditzingen"]
[Date "2010.05.16"]
[Round "7.46"]
[White "Rudhart, Michael"]
[Black "Stiepan, Hans-Michael"]
[Result "0-1"]
[WhiteElo "1926"]
[BlackElo "2135"]
[PlyCount "56"]
[EventDate "2010.??.??"]
[WhiteTeam "SC Feuerbach e. V."]
[BlackTeam "SAbt SV Jedesheim 1921"]

1. Nc3 d5 2. e4 e6 3. f4 dxe4 4. Nxe4 Nf6 5. Nxf6+ Qxf6 6. d4 c5 7. Nf3 Nc6 8.
Be3 cxd4 9. Nxd4 Bd7 10. Nxc6 Bxc6 11. Qd4 Be7 12. O-O-O O-O 13. Qxf6 Bxf6 14.
Rg1 b6 15. Ba6 Rfd8 16. g3 Kf8 17. Bd3 Rac8 18. Ba6 Rb8 19. Rxd8+ Rxd8 20. c3
Bd5 21. c4 Bc6 22. b4 Rd3 23. Re1 Rc3+ 24. Kd2 Ra3 25. b5 Rxa2+ 26. Kd3 Bf3 27.
Rc1 Be2+ 28. Ke4 Bb2 0-1

[Event "Stuttgarter Stadtmeisterschaft 2010 A"]
[Site "Ditzingen"]
[Date "2010.05.16"]
[Round "7.24"]
[White "Stanescu, Christian"]
[Black "Kvetny, Mark"]
[Result "1/2-1/2"]
[WhiteElo "2140"]
[BlackElo "1916"]
[PlyCount "47"]
[EventDate "2010.??.??"]
[WhiteTeam "SAbt TSF Ditzingen"]
[BlackTeam "SV Altbach e.V."]

1. c4 Nf6 2. Nc3 c5 3. g3 d5 4. cxd5 Nxd5 5. Bg2 Nc7 6. Nf3 Nc6 7. O-O e5 8. d3
Be7 9. Nd2 Bd7 10. Nc4 f6 11. Ne4 O-O 12. Be3 b6 13. a3 Nd5 14. Bd2 Be6 15. Rb1
Rc8 16. Nc3 Nxc3 17. bxc3 Qd7 18. Qc2 Rfd8 19. Rfd1 Bf8 20. Qa4 Nb8 21. Qxd7
Rxd7 22. Kf1 Re8 23. a4 e4 24. Bf4 1/2-1/2

[Event "Stuttgarter Stadtmeisterschaft 2010 A"]
[Site "Ditzingen"]
[Date "2010.05.16"]
[Round "7.28"]
[White "Kerpe, Andreas"]
[Black "Erben, Larissa"]
[Result "1/2-1/2"]
[WhiteElo "2128"]
[BlackElo "2042"]
[PlyCount "63"]
[EventDate "2010.??.??"]
[WhiteTeam "SAbt TSF Ditzingen"]
[BlackTeam "SV Stuttgart-Wolfbusch 1956 e.V."]

1. e4 c5 2. Nc3 Nc6 3. g3 g6 4. Bg2 Bg7 5. d3 e6 6. Be3 d6 7. Qd2 Nd4 8. Nd1
Nc6 9. c3 Ne5 10. Qe2 Qa5 11. f4 Nc6 12. Nf3 Nge7 13. O-O O-O 14. Nf2 Bd7 15.
Rfd1 Rab8 16. d4 cxd4 17. Nxd4 Nxd4 18. Bxd4 Bxd4 19. Rxd4 d5 20. exd5 Nxd5 21.
Bxd5 exd5 22. Qe5 Rfe8 23. Qxd5 Qxd5 24. Rxd5 Bc6 25. Re5 Red8 26. Rae1 Rd2 27.
R1e2 Rbd8 28. Kf1 Bf3 29. R2e3 Bc6 30. Re2 Bf3 31. R2e3 Bc6 32. Re2 1/2-1/2

[Event "Stuttgarter Stadtmeisterschaft 2010 A"]
[Site "Ditzingen"]
[Date "2010.05.16"]
[Round "7.45"]
[White "Huynh, Nhi Lang"]
[Black "Braun, Rüdiger-Thomas"]
[Result "0-1"]
[WhiteElo "1869"]
[BlackElo "1988"]
[PlyCount "52"]
[EventDate "2010.??.??"]
[WhiteTeam "SAbt TSG Heilbronn 1845 e.V."]
[BlackTeam "SF Birkenfeld"]

1. d4 Nf6 2. Nf3 e6 3. c4 b6 4. g3 Bb7 5. Bg2 Bb4+ 6. Nc3 Ne4 7. Qb3 Nc6 8. O-O
Bxc3 9. bxc3 O-O 10. Qc2 Na5 11. Ne5 f5 12. c5 bxc5 13. f3 Nf6 14. dxc5 d6 15.
cxd6 cxd6 16. Nd3 Qb6+ 17. Kh1 Rfc8 18. Rb1 Qc7 19. Qa4 Nd5 20. Bb2 Ne3 21.
Rfc1 Nac4 22. Nf4 e5 23. Nd3 a5 24. Qb3 Bd5 25. Ba3 a4 26. Qb4 Rcb8 0-1

[Event "Stuttgarter Stadtmeisterschaft 2010 A"]
[Site "Ditzingen"]
[Date "2010.05.16"]
[Round "7.42"]
[White "Roth, Stefan"]
[Black "Novak, Josua"]
[Result "1/2-1/2"]
[WhiteElo "2034"]
[BlackElo "1865"]
[PlyCount "34"]
[EventDate "2010.??.??"]
[WhiteTeam "SG Kaiserslautern 1905"]
[BlackTeam "SAbt TSV Münchingen"]

1. e4 c5 2. Nf3 g6 3. c4 Bg7 4. d4 cxd4 5. Nxd4 Nc6 6. Be3 Nf6 7. Nc3 d6 8. Be2
Bd7 9. O-O O-O 10. Rc1 Nxd4 11. Bxd4 Bc6 12. f3 a5 13. Nd5 Nd7 14. Bxg7 Kxg7
15. Qd4+ e5 16. Qd2 Bxd5 17. exd5 Nc5 1/2-1/2

[Event "Stuttgarter Stadtmeisterschaft 2010 A"]
[Site "Ditzingen"]
[Date "2010.05.16"]
[Round "7.31"]
[White "Schmid, Eugen"]
[Black "Pogan, Nikolas"]
[Result "0-1"]
[WhiteElo "1974"]
[BlackElo "2119"]
[PlyCount "64"]
[EventDate "2010.??.??"]
[WhiteTeam "SV Herrenberg e.V."]
[BlackTeam "SAbt TSV Willsbach"]

1. d4 d5 2. Nf3 Nf6 3. c4 c6 4. g3 Bf5 5. Qb3 Qb6 6. Bg2 Nbd7 7. O-O e6 8. c5
Qxb3 9. axb3 Be7 10. Nc3 O-O 11. Bg5 h6 12. Bxf6 Bxf6 13. b4 a6 14. e3 e5 15.
Rfd1 Rad8 16. h3 Bg6 17. Rd2 Rfe8 18. Nh2 exd4 19. exd4 h5 20. Nf3 Re7 21. Kf1
Rde8 22. Ng1 h4 23. Nge2 hxg3 24. fxg3 Bg5 25. Nf4 Bh7 26. Rf2 Nf6 27. Bf3 Ne4
28. Nxe4 dxe4 29. Be2 e3 30. Rf3 Be4 31. Rxe3 Bxf4 32. gxf4 Bg2+ 0-1

[Event "Stuttgarter Stadtmeisterschaft 2010 A"]
[Site "Ditzingen"]
[Date "2010.05.16"]
[Round "7.54"]
[White "Baskin, Robert"]
[Black "Mayer, Dietmar"]
[Result "1/2-1/2"]
[WhiteElo "1828"]
[BlackElo "1851"]
[PlyCount "60"]
[EventDate "2010.??.??"]
[WhiteTeam "SAbt TuS Makkabi Ffm"]
[BlackTeam "SC-HP Böbl.1975 e.V."]

1. e4 d5 2. exd5 Nf6 3. Bb5+ Bd7 4. Be2 Nxd5 5. d4 Bf5 6. Nf3 e6 7. O-O Nc6 8.
a3 Be7 9. c4 Nb6 10. Nc3 O-O 11. Be3 Bg4 12. d5 Bxf3 13. Bxf3 Ne5 14. Bxb6 axb6
15. Be2 Qd7 16. f4 Ng6 17. Bg4 f5 18. Bh5 Nh8 19. Re1 exd5 20. Nxd5 Bc5+ 21.
Kh1 Rad8 22. b4 c6 23. bxc5 cxd5 24. Qxd5+ Qxd5 25. cxd5 bxc5 26. Rad1 g6 27.
Bf3 Nf7 28. Re7 Nd6 29. Rc1 Rfe8 30. Re5 Rc8 1/2-1/2

[Event "Stuttgarter Stadtmeisterschaft 2010 A"]
[Site "Ditzingen"]
[Date "2010.05.16"]
[Round "7.25"]
[White "Melzner, Lukas"]
[Black "Lebeda, Timo"]
[Result "1-0"]
[WhiteElo "2122"]
[BlackElo "1944"]
[PlyCount "125"]
[EventDate "2010.??.??"]
[WhiteTeam "Schachklub München Südost e.V."]
[BlackTeam "SAbt VFB Reichenbach"]

1. c4 c6 2. Nf3 d5 3. b3 Bg4 4. Ne5 Bh5 5. d4 Nf6 6. g3 Nbd7 7. Bg2 e6 8. Nxd7
Qxd7 9. O-O Bd6 10. Ba3 dxc4 11. bxc4 Rd8 12. Qc2 Bxa3 13. Nxa3 Qe7 14. Qa4
Rxd4 15. Qxa7 Bxe2 16. Rfe1 Rd3 17. Rxe2 Qxa3 18. Qxa3 Rxa3 19. Rb1 O-O 20.
Rxb7 Rc3 21. Bxc6 Rxc4 22. Bf3 g6 23. Ra7 Rc3 24. Kg2 Rb8 25. a4 Rbb3 26. Ba8
Ra3 27. a5 Rc5 28. a6 Nd5 29. Rb2 Nc7 30. Rb8+ Kg7 31. Rc8 Rxa6 32. Rcxc7 Rxc7
33. Rxa6 h5 34. h4 Kf6 35. Bf3 Rd7 36. Ra5 Rc7 37. Rb5 Rd7 38. Rb7 Rd6 39. Be2
Rd2 40. Kf3 Rd4 41. Rc7 Rb4 42. Ba6 Rd4 43. Bb5 Rd8 44. Rb7 Rc8 45. Ke4 Rd8 46.
f3 Rc8 47. Kf4 Rh8 48. Bc6 Rd8 49. Ke4 Rh8 50. Kd4 Rd8+ 51. Kc5 Rd1 52. Be8 Rg1
53. Kd4 e5+ 54. Kd5 Rd1+ 55. Ke4 Re1+ 56. Kd3 Rd1+ 57. Ke2 Rd8 58. Bxf7 Rf8 59.
Bb3 g5 60. Rb6+ Kf5 61. Bc2+ e4 62. Bxe4+ Ke5 63. Rb5+ 1-0